FUZZY SET THEORY AND ITS APPLICATIONS (Record no. 22485)

MARC details
000 -LEADER
fixed length control field 00305nam a22001337a 4500
003 - CONTROL NUMBER IDENTIFIER
control field SGT
020 ## - INTERNATIONAL STANDARD BOOK NUMBER
International Standard Book Number 978-0-7923-7423-0
082 ## - DEWEY DECIMAL CLASSIFICATION NUMBER
Classification number 511.322
Item number ZIM
100 ## - MAIN ENTRY--PERSONAL NAME
Personal name ZIMMERMANN, H.J.
245 ## - TITLE STATEMENT
Title FUZZY SET THEORY AND ITS APPLICATIONS
250 ## - EDITION STATEMENT
Edition statement 4TH
260 ## - PUBLICATION, DISTRIBUTION, ETC. (IMPRINT)
Place of publication, distribution, etc USA
Name of publisher, distributor, etc SPRINGER
Year of Publication 2001
942 ## - ADDED ENTRY ELEMENTS (KOHA)
Source of classification or shelving scheme Dewey Decimal Classification
Koha item type Books
Holdings
Withdrawn status Lost status Source of classification or shelving scheme Damaged status Not for loan Collection code Home library Current library Shelving location Date acquired Vendor Name SGTU Bill Number Total Checkouts Full call number Accession No. (Barcode) Date last seen Bill Date Koha item type
    Dewey Decimal Classification   Not For Loan SCIENCE SGT Science & Social Sciences Library SGT Science & Social Sciences Library Reference Book 07/03/2022 ABC SGTU 13842   511.322 ZIM PS6658 07/03/2022   Books